000 01540Cam#a22004215a#4500
003 AR-BeUNQ
005 20260213141143.0
008 141201s2014||||ag a ##b #000|0#spa#d
020 _a9789876293761
040 _aAR-BeUNQ
_bspa
_eaacr
_cAR-BeUNQ
044 _aag
082 0 4 _a641.013
_221
245 0 3 _aEl parrillero científico :
_btrucos y secretos para hacer el fuego, asar la carne, preparar la ensalada y tomar el vino
_cDiego Golombek (compilador) ; Roberto J. J. Williams... [et al.].
260 _aBuenos Aires :
_bSiglo Veintiuno,
_c2014.
300 _a212 p. ;
_c19 cm.
490 1 _aCiencia que ladra... / dirigida por Diego Golombek
650 7 _aCocina
_2toit
650 7 _aCiencia
_2spines
650 7 _aDivulgación científica
_2spines
650 7 _aAlimentos
_2spines
650 7 _aPreparación de comidas
_2toit
650 7 _aGastronomía
_2spines
700 1 _aGolombek, Diego,
_ecomp.
_4com
700 1 _aAliverti, Virginia,
_eaut.
_4aut
700 1 _aArbiser, Ariel,
_eaut.
_4aut
700 1 _aBacigalupo, Maju,
_eaut.
_4aut
700 1 _aBarrutia, María,
_eaut.
_4aut
700 1 _aBraceli, Juan,
_eaut.
_4aut
700 1 _aEdelsztein, Valeria,
_eaut.
_4aut
700 1 _aKoppmann, Mariana,
_eaut.
_4aut
700 1 _aLasta, Gregorio,
_eaut.
_4aut
700 1 _aRizzuto, Flavia,
_eaut.
_4aut
700 1 _aSchwarzbaum, Pablo,
_eaut.
_4aut
700 1 _aWilliams, Roberto J. J.,
_eaut.
_4aut
830 0 _aCiencia que ladra... (Siglo Veintiuno).
929 _aDONACION
_d0
_fPAT0082225
_j57396
942 _cLIB
_n0
999 _c198
_d198